Kvalita vzdelávania a uplatnenie absolventov na trhu práce = Quality of education and placement of graduates at labour market : Diplomová práca

Gespeichert in:
Bibliographische Detailangaben
1. Verfasser: Klinková, Lucia (Verfasst von)
Weitere Verfasser: Jambor, Jaroslav, 1966- (xxx)
Format: Manuskript Buch
Sprache:Slowakisch
Veröffentlicht: Trnava : STU v Bratislave MTF UIPH, 2009
Schlagworte:
Tags: Tag hinzufügen
Keine Tags, Fügen Sie das erste Tag hinzu!

MARC

LEADER 00000ntm a22000003a 4500
001 stu198820
005 20160719160101.9
008 100122s2009----xo------------------slo-d
040 |a STU  |b slo 
041 0 |a slo 
044 |a xo 
100 1 |a Klinková, Lucia  |4 aut 
245 1 |a Kvalita vzdelávania a uplatnenie absolventov na trhu práce = Quality of education and placement of graduates at labour market :  |b Diplomová práca 
260 |a Trnava :  |b STU v Bratislave MTF UIPH,  |c 2009 
300 |a 62 s  |c 1 CD-ROM 
500 |a Študijný odbor: 1.1.2 učiteľstvo profesijných predmetov a praktickej prípravy 
500 |a Študijný program: učiteľstvo technických profesijných predmetov 
650 7 |a nezamestnanosť  |2 stusub 
650 7 |a absolventi  |2 stusub 
700 1 |a Jambor, Jaroslav,  |d 1966-  |4 xxx  |u M7100  |U MTF Ústav inžinierskej pedagogiky a humatitných vied  |T MTF Katedra inžinierskej pedagogiky a psychológie  |X 41804  |U M7100  |Y 170  |7 A000041804 
996 |b 284M077806  |c M*DP-8845  |l MMSKP  |s P  |a 0  |w stu198820_0001